Island Possessions Quiz Stats

 Plays Quiz Updated Dec 23, 2018

Support Sporcle.
Go Orange.
Score 0/30 Timer 08:00
1 Play Today
Island(s) Country % Correct
GuamUnited States
90.6%
Iwo JimaJapan
76.5%
SardiniaItaly
70.3%
Canary IslandsSpain
66%
ArubaNetherlands
57.3%
The AzoresPortugal
56.1%
Easter IslandChile
53.3%
PhuketThailand
52.9%
Galapagos IslandsEcuador
51.7%
Baffin IslandCanada
50.9%
Faeroe IslandsDenmark
50.9%
SvalbardNorway
50.8%
CorfuGreece
50.7%
CozumelMexico
50.5%
GotlandSweden
44.6%
Island(s) Country % Correct
South Sandwich IslandsUnited Kingdom
42.6%
GuadeloupeFrance
40.7%
LuzonPhilippines
34.5%
New CaledoniaFrance
34.1%
Norfolk IslandAustralia
30.4%
Diego GarciaUnited Kingdom
30%
SulawesiIndonesia
30%
BarbudaAntigua and Barbuda
28.8%
Franz Josef LandRussia
27.5%
Andaman IslandsIndia
25.9%
SaipanUnited States
20.5%
Chatham IslandNew Zealand
19.4%
Trindade and Martim VazBrazil
16.7%
Prince Edward Islands (Indian Ocean)South Africa
16.1%
SocotraYemen
15.5%

You're not logged in!

Compare scores with friends on all Sporcle quizzes.
OR
Log In
Forgot?

From the Vault

Spellbound: Planets

by LTH

Science 90s
It's a solar system spelling assessment.
Remove Ads.
Support Sporcle.
Get the best of Sporcle when you Go Orange. This ad-free experience offers more features, more stats, and more fun while also helping to support Sporcle. Thank you for becoming a member.

Show Comments

Extras

Top Quizzes Today


Score Distribution

Your Account Isn't Verified!

In order to create a playlist on Sporcle, you need to verify the email address you used during registration. Go to your Sporcle Settings to finish the process.

Report this User

Report this user for behavior that violates our Community Guidelines.

Details: